Professor baruar chithi (Record no. 4054)

MARC details
000 -LEADER
fixed length control field 00494cam a2200193ua 4500
001 - CONTROL NUMBER
control field 4237
005 - DATE AND TIME OF LATEST TRANSACTION
control field 20260515113815.0
008 - FIXED-LENGTH DATA ELEMENTS--GENERAL INFORMATION
fixed length control field 111221n ii |||gr||||Z||||||asm
040 ## - CATALOGING SOURCE
Transcribing agency MAIN
082 ## - DEWEY DECIMAL CLASSIFICATION NUMBER
Classification number 891.4518
100 ## - MAIN ENTRY--PERSONAL NAME
Personal name Baruah, Birinvhi Kumar,
245 11 - TITLE STATEMENT
Title Professor baruar chithi
Statement of responsibility, etc. by Birinchi Kumar Baruah
250 ## - EDITION STATEMENT
Edition statement 2nd.
260 ## - PUBLICATION, DISTRIBUTION, ETC.
Place of publication, distribution, etc. Nalbari:
Name of publisher, distributor, etc. Journal emporium,986.
300 ## - PHYSICAL DESCRIPTION
Extent 131p:
Dimensions 23cm.
653 ## - INDEX TERM--UNCONTROLLED
Uncontrolled term Assamese traveller
653 ## - INDEX TERM--UNCONTROLLED
Uncontrolled term Professor baruar chithi
942 ## - ADDED ENTRY ELEMENTS (KOHA)
Koha item type Books
Holdings
Withdrawn status Lost status Damaged status Not for loan Home library Current library Shelving location Date acquired Total checkouts Full call number Barcode Date last seen Copy number Price effective from Koha item type
        Naharkatiya College Library Naharkatiya College Library General stacks 09/19/2020   891.4518 | BAR 8865 09/19/2020 1 09/19/2020 Books